| 000 | 00338nam a22001457a 4500 | ||
|---|---|---|---|
| 003 | OSt | ||
| 005 | 20211222152013.0 | ||
| 008 | 211222b |||||||| |||| 00| 0 eng d | ||
| 020 | _a0136466214 | ||
| 040 | _cHU | ||
| 082 |
_24th _a004.27/KEN1999 |
||
| 100 |
_aKendall _924357 |
||
| 245 | _aSystems Analysis & Design | ||
| 942 |
_2ddc _cBOOKS _n0 |
||
| 999 |
_c23499 _d23499 |
||